[Event "Olympiad Women-41"]
[Site "Tromsoe"]
[Date "2014.08.10"]
[Round "8.4"]
[White "Shyngys Kyzy, Aijarkyn"]
[Black "Voiska, Margarita"]
[Result "0-1"]
[WhiteElo "1800"]
[BlackElo "2279"]
[PlyCount "62"]
[EventDate "2014.08.02"]
[EventType "team-swiss"]
[EventRounds "11"]
[EventCountry "NOR"]
[SourceTitle "CBM 162"]
[Source "ChessBase"]
[SourceDate "2014.09.17"]
[SourceVersion "1"]
[SourceVersionDate "2014.09.17"]
[SourceQuality "1"]
[WhiteTeam "Kyrgyzstan (W)"]
[BlackTeam "Bulgaria (W)"]
[WhiteTeamCountry "KGZ"]
[BlackTeamCountry "BUL"]

1. e4 d6 2. d4 Nf6 3. Nc3 e5 4. Nf3 Nbd7 5. Bg5 Be7 6. Be2 h6 7. Bh4 0-0 8. Bg3 Nh5 9. Qd2 c6 10. 0-0-0 Qa5 11. Kb1 Re8 12. Bh4 Bf8 13. g4 Nf4 14. Bf1 Ng6 15. Bg3 b5 16. h4 b4 17. Ne2 Nf6 18. h5 Nxe4 19. Qd3 Nxg3 20. Nxg3 Nf4 21. Qe4 Be6 22. b3 Nd5 23. Ne2 Nf6 24. Qd3 e4 25. Qe3 exf3 26. Qxf3 Bxg4 27. Qd3 Bxe2 28. Bxe2 Nd5 29. Rde1 Nc3+ 30. Kc1 Nxa2+ 31. Kd2 Qg5+ 0-1

[Event "KGZ-ch (Women)"]
[Site "Bishkek"]
[Date "2014.05.22"]
[Round "6"]
[White "Samaganova, Alexandra"]
[Black "Shyngys Kyzy, Aijarkyn"]
[Result "1-0"]
[WhiteElo "2011"]
[BlackElo "1773"]
[PlyCount "57"]
[EventDate "2014.06.07"]
[EventType "tourn"]
[EventRounds "11"]
[EventCountry "KGZ"]
[SourceTitle "EXT 2018"]
[Source "ChessBase"]
[SourceDate "2017.10.13"]
[SourceVersion "1"]
[SourceVersionDate "2017.10.13"]
[SourceQuality "1"]

1. c4 b6 2. Nf3 Bb7 3. e3 Nf6 4. Nc3 e6 5. Be2 Be7 6. 0-0 0-0 7. b3 c5 8. Bb2 d5 9. d4 Nbd7 10. cxd5 Nxd5 11. Nxd5 Bxd5 12. Ne5 Bf6 13. Bb5 Nxe5 14. dxe5 Be7 15. Qg4 Qc7 16. Rad1 a6 17. Bd3 b5 18. Rc1 Qb7 19. Ba3 b4 20. Bb2 a5 21. f4 a4 22. f5 exf5 23. Bxf5 axb3 24. e6 f6 25. Qh5 g6 26. Bxg6 hxg6 27. Qxg6+ Kh8 28. Rf4 Be4 29. Rh4# 1-0

[Event "Asian Continental op (Women) 13th"]
[Site "Sharjah"]
[Date "2014.04.19"]
[Round "3"]
[White "Karavade, Eesha"]
[Black "Shyngys Kyzy, Aijarkyn"]
[Result "1-0"]
[WhiteElo "2414"]
[BlackElo "1768"]
[PlyCount "80"]
[EventDate "2014.04.17"]
[EventType "swiss"]
[EventRounds "9"]
[EventCountry "UAE"]
[SourceTitle "CBM 160 Extra"]
[Source "ChessBase"]
[SourceDate "2014.07.01"]
[SourceVersion "1"]
[SourceVersionDate "2014.07.01"]
[SourceQuality "1"]

1. Nf3 d5 2. g3 c6 3. c4 e6 4. Bg2 Nf6 5. b3 Nbd7 6. 0-0 Bd6 7. Bb2 0-0 8. Qc2 Qe7 9. d4 Ne4 10. Nbd2 f5 11. Ne5 Bb4 12. Ndf3 b6 13. Nxc6 Qd6 14. Nxb4 Qxb4 15. cxd5 exd5 16. Qc6 Rb8 17. Qxd5+ Kh8 18. Rac1 Ndf6 19. Qc4 Qa5 20. b4 Qa4 21. b5 Qa5 22. Ne5 Nd2 23. Qc7 Be6 24. Bc3 Qxa2 25. Ra1 Nxf1 26. Rxa2 Bxa2 27. Qxa7 Bd5 28. Bxf1 Rfc8 29. Nc6 Ra8 30. Qxb6 Ne4 31. Bb4 Bxc6 32. bxc6 Rcb8 33. Qc7 Rxb4 34. Qd7 Nf6 35. Qd6 Rbb8 36. Bh3 Rd8 37. Qe6 Rxd4 38. Bxf5 Rdd8 39. c7 Rdc8 40. Qc6 Rf8 1-0

[Event "Central Asia Cup 3rd"]
[Site "Dushanbe"]
[Date "2013.10.17"]
[Round "6"]
[White "Ilhom, Mootribai"]
[Black "Shyngys Kyzy, Aijarkyn"]
[Result "1-0"]
[WhiteElo "1699"]
[BlackElo "1796"]
[PlyCount "109"]
[EventDate "2013.10.12"]
[EventType "swiss"]
[EventRounds "9"]
[EventCountry "TJK"]
[SourceTitle "EXT 2014"]
[Source "ChessBase"]
[SourceDate "2013.11.20"]
[SourceVersion "1"]
[SourceVersionDate "2013.11.20"]
[SourceQuality "1"]

1. e4 e5 2. Nf3 Nf6 3. d4 Nxe4 4. Nxe5 d5 5. Bd3 Nc6 6. Nf3 Bg4 7. c3 Bd6 8. Qb3 0-0 9. Be3 Re8 10. Nbd2 Nxd2 11. Kxd2 Bf8 12. Ng5 h6 13. Bh7+ Kh8 14. Nxf7+ Kxh7 15. Nxd8 Raxd8 16. h3 Bf5 17. Qxb7 Na5 18. Qxc7 Nc4+ 19. Kc1 Rb8 20. Qf4 Bg6 21. b4 a5 22. a3 axb4 23. axb4 Ra8 24. Rxa8 Rxa8 25. Kd1 Bd6 26. Qg4 Nxe3+ 27. fxe3 Ra1+ 28. Kd2 Rxh1 29. Qd7 Bg3 30. b5 Be4 31. Ke2 Re1+ 32. Kd2 Rg1 33. b6 Rxg2+ 34. Kd1 Rg1+ 35. Ke2 Rg2+ 36. Kd1 Rc2 37. Qg4 Bh2 38. Qxe4+ dxe4 39. Kxc2 Kg8 40. c4 Kf8 41. c5 Ke8 42. Kc3 g5 43. Kc4 h5 44. Kd5 g4 45. hxg4 hxg4 46. Kxe4 Kd7 47. d5 Kc8 48. d6 Bg3 49. Kd5 Bxd6 50. cxd6 g3 51. Kc6 g2 52. b7+ Kb8 53. d7 Ka7 54. b8Q+ Kxb8 55. d8Q+ 1-0

[Event "Central Asia Cup 3rd"]
[Site "Dushanbe"]
[Date "2013.10.15"]
[Round "4"]
[White "Shyngys Kyzy, Aijarkyn"]
[Black "Ziyaev, Negmat"]
[Result "0-1"]
[WhiteElo "1796"]
[BlackElo "2140"]
[PlyCount "67"]
[EventDate "2013.10.12"]
[EventType "swiss"]
[EventRounds "9"]
[EventCountry "TJK"]
[SourceTitle "EXT 2014"]
[Source "ChessBase"]
[SourceDate "2013.11.20"]
[SourceVersion "1"]
[SourceVersionDate "2013.11.20"]
[SourceQuality "1"]

1. d4 Nf6 2. Nf3 g6 3. c4 Bg7 4. Nc3 0-0 5. e4 d6 6. Be2 Nc6 7. 0-0 e5 8. d5 Ne7 9. a4 Nd7 10. Ng5 h6 11. Nh3 a5 12. f3 Nc5 13. Nf2 f5 14. Nd3 Nxd3 15. Bxd3 f4 16. Bd2 g5 17. Rc1 b6 18. Nb5 h5 19. Be2 Rf7 20. Bc3 Bf8 21. Qd2 g4 22. c5 Ng6 23. cxb6 cxb6 24. b4 g3 25. h3 Rg7 26. Rfd1 Nh4 27. bxa5 bxa5 28. Rc2 Bxh3 29. gxh3 Qd7 30. Qd3 Qxh3 31. Bf1 g2 32. Kf2 g1Q+ 33. Ke2 Rg2+ 34. Ke1 0-1

[Event "Central Asia Cup 3rd"]
[Site "Dushanbe"]
[Date "2013.10.12"]
[Round "1"]
[White "Shyngys Kyzy, Aijarkyn"]
[Black "Ibrohimov, Ikrom"]
[Result "0-1"]
[WhiteElo "1796"]
[BlackElo "2212"]
[PlyCount "78"]
[EventDate "2013.10.12"]
[EventType "swiss"]
[EventRounds "9"]
[EventCountry "TJK"]
[SourceTitle "EXT 2014"]
[Source "ChessBase"]
[SourceDate "2013.11.20"]
[SourceVersion "1"]
[SourceVersionDate "2013.11.20"]
[SourceQuality "1"]

1. d4 d5 2. c4 Nc6 3. Nc3 dxc4 4. Nf3 Nf6 5. d5 Na5 6. Qa4+ c6 7. b4 b5 8. Qxa5 Qxa5 9. bxa5 b4 10. dxc6 bxc3 11. e3 Ba6 12. Rb1 e6 13. Ne5 Nd5 14. Bxc4 c2 15. Rb7 Bxc4 16. Nxc4 Bb4+ 17. Ke2 0-0 18. a3 Bc5 19. e4 Nc3+ 20. Kd3 Nd1 21. Kxc2 Nxf2 22. Re1 Rac8 23. c7 f6 24. e5 Rf7 25. exf6 gxf6 26. Rxe6 Rcxc7 27. Re8+ Kg7 28. Rb3 Bd6 29. Rc3 Bxh2 30. g3 Rfd7 31. Bf4 Rc6 32. Kb3 Nd3 33. Bb8 Nc5+ 34. Ka2 Na4 35. Rc2 Bg1 36. Ne3 Nc3+ 37. Kb2 Bxe3 38. Rxe3 Nd1+ 39. Kb1 Rxc2 0-1

[Event "Wch U20 Girls 31st"]
[Site "Kocaeli"]
[Date "2013.09.18"]
[Round "6"]
[White "Shyngys Kyzy, Aijarkyn"]
[Black "De Seroux, Camille"]
[Result "0-1"]
[WhiteElo "1780"]
[BlackElo "2108"]
[PlyCount "68"]
[EventDate "2013.09.13"]
[EventType "swiss"]
[EventRounds "13"]
[EventCountry "TUR"]
[SourceTitle "CBM 156 Extra"]
[Source "ChessBase"]
[SourceDate "2013.10.22"]
[SourceVersion "1"]
[SourceVersionDate "2013.10.22"]
[SourceQuality "1"]

1. e4 c5 2. Nf3 Nc6 3. Bb5 g6 4. 0-0 Bg7 5. Re1 Nf6 6. c3 0-0 7. d4 cxd4 8. cxd4 d5 9. e5 Ne4 10. Nbd2 Qb6 11. Bxc6 Qxc6 12. Nxe4 dxe4 13. Ng5 Rd8 14. Bf4 Qd5 15. Qe2 Bf5 16. Rad1 Qxa2 17. g4 Be6 18. Nxe4 Rac8 19. Bg5 Qc4 20. Qe3 Qb4 21. h3 Rc4 22. b3 Rc2 23. Rd3 h6 24. Bh4 g5 25. Bg3 b6 26. f4 Bd5 27. Rf1 Qb5 28. fxg5 hxg5 29. Nf2 Bb7 30. h4 Qd5 31. Ne4 Qxe4 32. Qxe4 Bxe4 33. Re3 Rg2+ 34. Kh1 Re2+ 0-1

[Event "Wch U20 Girls 31st"]
[Site "Kocaeli"]
[Date "2013.09.17"]
[Round "5"]
[White "Shyngys Kyzy, Aijarkyn"]
[Black "Derakhshani, Dorsa"]
[Result "0-1"]
[WhiteElo "1780"]
[BlackElo "2078"]
[PlyCount "80"]
[EventDate "2013.09.13"]
[EventType "swiss"]
[EventRounds "13"]
[EventCountry "TUR"]
[SourceTitle "CBM 156 Extra"]
[Source "ChessBase"]
[SourceDate "2013.10.22"]
[SourceVersion "1"]
[SourceVersionDate "2013.10.22"]
[SourceQuality "1"]

1. e4 e5 2. Nf3 Nc6 3. Nc3 Nf6 4. d4 exd4 5. Nxd4 Bb4 6. Nxc6 bxc6 7. Bd3 d5 8. exd5 cxd5 9. 0-0 0-0 10. Bg5 c6 11. Ne2 Bd6 12. Nd4 Bc7 13. Nf5 Rb8 14. Qf3 Be5 15. Rae1 Qc7 16. Qh3 Kh8 17. Qh4 Ne4 18. Bxe4 dxe4 19. Qxe4 Bxh2+ 20. Kh1 f6 21. Bc1 Be5 22. b3 Qf7 23. g4 c5 24. f3 Bb7 25. Qe2 h5 26. Qg2 g6 27. Nh6 Qh7 28. gxh5 g5 29. Ng4 Qxh5+ 30. Kg1 Bd4+ 31. Be3 Bc3 32. Bxc5 Rfc8 33. Bd6 Bd4+ 34. Ne3 Ra8 35. c4 Re8 36. Kf2 Qh4+ 37. Bg3 Bxe3+ 38. Rxe3 Qd4 39. Rfe1 Rxe3 40. Qh3+ Kg7 0-1

[Event "Wch U20 Girls 31st"]
[Site "Kocaeli"]
[Date "2013.09.14"]
[Round "2"]
[White "Shyngys Kyzy, Aijarkyn"]
[Black "Fronda Pascua, Jan Jodilyn"]
[Result "0-1"]
[WhiteElo "1780"]
[BlackElo "2038"]
[PlyCount "72"]
[EventDate "2013.09.13"]
[EventType "swiss"]
[EventRounds "13"]
[EventCountry "TUR"]
[SourceTitle "CBM 156 Extra"]
[Source "ChessBase"]
[SourceDate "2013.10.22"]
[SourceVersion "1"]
[SourceVersionDate "2013.10.22"]
[SourceQuality "1"]

1. e4 c5 2. Nf3 d6 3. Bb5+ Bd7 4. Bxd7+ Nxd7 5. c3 Ngf6 6. Qe2 g6 7. d4 Bg7 8. e5 dxe5 9. dxe5 Nd5 10. e6 fxe6 11. Qxe6 Nc7 12. Qb3 Nb6 13. Na3 Qd5 14. Nb5 Nxb5 15. Qxb5+ Nd7 16. Be3 a6 17. Qa4 b5 18. Qf4 e5 19. Qg5 Qe6 20. 0-0 0-0 21. Rad1 Rac8 22. Rfe1 Rf5 23. Qh4 Rh5 24. Qe4 Nf6 25. Qb7 Re8 26. Bxc5 Qxa2 27. Qc7 Qf7 28. Qxf7+ Kxf7 29. Rd6 e4 30. Bd4 exf3 31. Ra1 Rg5 32. g3 a5 33. h4 Rf5 34. Rxa5 Re1+ 35. Kh2 Ng4+ 36. Kh3 Rh1+ 0-1

[Event "Universiad (Women) 27th"]
[Site "Kazan"]
[Date "2013.07.14"]
[Round "7"]
[White "Shyngys Kyzy, Aijarkyn"]
[Black "Rothebarth, Ana Vitoria de Paul"]
[Result "0-1"]
[WhiteElo "1784"]
[BlackElo "2034"]
[PlyCount "72"]
[EventDate "2013.07.09"]
[EventType "swiss"]
[EventRounds "9"]
[EventCountry "RUS"]
[SourceTitle "EXT 2014"]
[Source "ChessBase"]
[SourceDate "2013.11.20"]
[SourceVersion "1"]
[SourceVersionDate "2013.11.20"]
[SourceQuality "1"]

1. d4 Nf6 2. Nf3 e6 3. Bg5 Be7 4. c4 b6 5. Nc3 Bb7 6. e3 Ne4 7. Bf4 Bb4 8. Qc2 0-0 9. Bd3 f5 10. h4 d6 11. Ng5 Bxc3+ 12. bxc3 Nxg5 13. Bxg5 Qe8 14. 0-0-0 h6 15. Bf4 e5 16. Bh2 Bxg2 17. Rhg1 Bf3 18. Be2 Bxe2 19. Qxe2 Nd7 20. Rg2 Kh7 21. Rdg1 Rg8 22. Qf3 Qf7 23. Rg6 Rae8 24. Qh5 Re7 25. Qf3 Nf8 26. h5 Qxc4 27. R6g2 Qxc3+ 28. Kb1 Qd3+ 29. Ka1 Qe4 30. Qh3 c5 31. f3 Qd3 32. d5 Rf7 33. e4 fxe4 34. Qc8 exf3 35. Qe8 Qf5 36. Rg6 f2 0-1

[Event "Universiad (Women) 27th"]
[Site "Kazan"]
[Date "2013.07.11"]
[Round "4"]
[White "Kim, Minhee"]
[Black "Shyngys Kyzy, Aijarkyn"]
[Result "0-1"]
[WhiteElo "1504"]
[BlackElo "1784"]
[PlyCount "82"]
[EventDate "2013.07.09"]
[EventType "swiss"]
[EventRounds "9"]
[EventCountry "RUS"]
[SourceTitle "EXT 2014"]
[Source "ChessBase"]
[SourceDate "2013.11.20"]
[SourceVersion "1"]
[SourceVersionDate "2013.11.20"]
[SourceQuality "1"]

1. e4 e5 2. Nf3 Nf6 3. Nc3 Bb4 4. Nxe5 0-0 5. d3 d5 6. a3 Bxc3+ 7. bxc3 dxe4 8. d4 Nbd7 9. Bf4 Nd5 10. Qd2 N7f6 11. Bg5 Qd6 12. c4 Ne7 13. c5 Qe6 14. Bc4 Ned5 15. 0-0 c6 16. Rfe1 Qf5 17. Be2 h6 18. Bh4 g5 19. Bg3 h5 20. h4 e3 21. Qd3 Ne4 22. Rf1 Nd2 23. Rfd1 Ne4 24. Rf1 Nd2 25. Qxf5 Bxf5 26. Rfd1 f6 27. Nc4 Nc3 28. Re1 exf2+ 29. Kxf2 Nxe2 30. Rxe2 Nxc4 31. hxg5 fxg5 32. Kg1 Rae8 33. Rf2 Kg7 34. a4 Re4 35. c3 Re3 36. Rc1 Rxg3 37. Re2 Re3 38. Rxe3 Nxe3 39. Re1 Nc4 40. Kh2 Rf6 41. Rb1 Bxb1 0-1

[Event "Universiad (Women) 27th"]
[Site "Kazan"]
[Date "2013.07.10"]
[Round "2"]
[White "Khalafova, Narmin Ilgar Qizi"]
[Black "Shyngys Kyzy, Aijarkyn"]
[Result "1-0"]
[WhiteElo "2107"]
[BlackElo "1784"]
[PlyCount "95"]
[EventDate "2013.07.09"]
[EventType "swiss"]
[EventRounds "9"]
[EventCountry "RUS"]
[SourceTitle "EXT 2014"]
[Source "ChessBase"]
[SourceDate "2013.11.20"]
[SourceVersion "1"]
[SourceVersionDate "2013.11.20"]
[SourceQuality "1"]

1. e4 e5 2. Nf3 Nf6 3. Nxe5 d6 4. Nf3 Nxe4 5. d4 d5 6. Bd3 Bd6 7. 0-0 0-0 8. c4 c6 9. Re1 Bf5 10. Qb3 Na6 11. cxd5 Nec5 12. dxc5 Nxc5 13. Bxf5 Nxb3 14. axb3 cxd5 15. Nc3 Bc5 16. Bg5 f6 17. Bf4 Kh8 18. Rad1 Qb6 19. Nxd5 Qxb3 20. Nc7 Rad8 21. Nd2 Qb6 22. Ne4 Bb4 23. Rf1 Qa5 24. Bd7 Rf7 25. Be6 Rff8 26. g4 h6 27. h4 Qa4 28. b3 Qc6 29. Bd5 Qd7 30. Ne6 Rfe8 31. Nxd8 Qxg4+ 32. Bg3 Rxd8 33. f3 Qh3 34. Be6 Bc5+ 35. Bf2 Bxf2+ 36. Kxf2 Qxh4+ 37. Ke3 Rxd1 38. Rxd1 Qh5 39. Rd8+ Kh7 40. f4 Qa5 41. Rd5 Qe1+ 42. Kf3 Qh1+ 43. Kg4 Qg2+ 44. Ng3 g5 45. Rd7+ Kh8 46. Kh5 Qh2+ 47. Kg6 Qc2+ 48. Nf5 1-0

[Event "Universiad (Women) 27th"]
[Site "Kazan"]
[Date "2013.07.09"]
[Round "1"]
[White "Shyngys Kyzy, Aijarkyn"]
[Black "Bartel, Marta"]
[Result "0-1"]
[WhiteElo "1784"]
[BlackElo "2297"]
[PlyCount "54"]
[EventDate "2013.07.09"]
[EventType "swiss"]
[EventRounds "9"]
[EventCountry "RUS"]
[SourceTitle "EXT 2014"]
[Source "ChessBase"]
[SourceDate "2013.11.20"]
[SourceVersion "1"]
[SourceVersionDate "2013.11.20"]
[SourceQuality "1"]

1. e4 g6 2. Nf3 Bg7 3. d4 d6 4. c4 Nf6 5. Nc3 0-0 6. Be2 Nc6 7. Bg5 h6 8. Bf4 g5 9. Bg3 Nh5 10. d5 Nb8 11. Nxg5 Nxg3 12. hxg3 hxg5 13. Bd3 e5 14. dxe6 Bxe6 15. e5 Re8 16. Qh5 Nc6 17. f4 gxf4 18. gxf4 dxe5 19. 0-0-0 e4 20. Nxe4 Qd4 21. Nc3 Qxf4+ 22. Kb1 Ne5 23. Rh4 Qe3 24. Re4 Qc5 25. Na4 Qa5 26. Bc2 Nxc4 27. Qf3 Nd2+ 0-1

[Event "Osh zt 3.4 (Women)"]
[Site "Osh"]
[Date "2013.06.12"]
[Round "6"]
[White "Shyngys Kyzy, Aijarkyn"]
[Black "Atabayeva, Ogulgerek"]
[Result "1-0"]
[WhiteElo "1777"]
[BlackElo "1994"]
[PlyCount "69"]
[EventDate "2013.06.07"]
[EventType "swiss"]
[EventRounds "9"]
[EventCountry "KGZ"]
[SourceTitle "CBM 154 Extra"]
[Source "ChessBase"]
[SourceDate "2013.06.25"]
[SourceVersion "2"]
[SourceVersionDate "2013.06.25"]
[SourceQuality "1"]

1. d4 Nf6 2. c4 c5 3. dxc5 Qa5+ 4. Nc3 Qxc5 5. b3 g6 6. Bb2 Bg7 7. e3 Qa5 8. Bd3 Ne4 9. Bxe4 Bxc3+ 10. Bxc3 Qxc3+ 11. Kf1 f5 12. Ne2 Qf6 13. Bf3 Nc6 14. Nf4 e6 15. Rc1 0-0 16. h4 Ne5 17. Qd6 Nf7 18. Qd2 d6 19. Rd1 Rb8 20. g4 b6 21. g5 Qe7 22. h5 Ne5 23. Bg2 Rd8 24. hxg6 hxg6 25. Ke2 Qxg5 26. Rdg1 Qf6 27. Rh6 Qg7 28. Rgh1 a6 29. Qd4 b5 30. cxb5 axb5 31. Rh8+ Qxh8 32. Rxh8+ Kxh8 33. Nxg6+ Kg8 34. Nxe5 dxe5 35. Qxd8+ 1-0

[Event "Asia U20 Girls op"]
[Site "Sharjah"]
[Date "2013.04.01"]
[Round "4"]
[White "Khursanova, Farida"]
[Black "Shyngys Kyzy, Aijarkyn"]
[Result "1/2-1/2"]
[WhiteElo "1913"]
[BlackElo "1731"]
[PlyCount "121"]
[EventDate "2013.03.30"]
[EventType "swiss"]
[EventRounds "9"]
[EventCountry "UAE"]
[SourceTitle "CBM 153 Extra"]
[Source "ChessBase"]
[SourceDate "2013.04.22"]
[SourceVersion "1"]
[SourceVersionDate "2013.04.22"]
[SourceQuality "1"]

1. d4 Nf6 2. e3 e6 3. Bd3 b6 4. Nf3 Bb7 5. Nbd2 d5 6. Ne5 Bd6 7. f4 c5 8. c3 0-0 9. 0-0 Ne4 10. Qh5 f6 11. Nef3 Nd7 12. g4 Qe8 13. Qh3 e5 14. dxe5 fxe5 15. Nxe4 dxe4 16. Bc4+ Kh8 17. Ng5 Qg6 18. Ne6 Nf6 19. Be2 Rfe8 20. f5 Qh6 21. Qg3 g5 22. Rd1 Bd5 23. Bb5 Re7 24. c4 Bxe6 25. Rxd6 Bd7 26. b3 Rae8 27. Bb2 Bxb5 28. cxb5 Kg8 29. Rad1 Kf7 30. R1d2 Qg7 31. Qg2 h5 32. gxh5 Qh6 33. Qg3 Qxh5 34. Rg2 g4 35. h3 Qxh3 36. Qxh3 gxh3 37. Rg6 Nh5 38. Kh2 Rh8 39. Rg5 Nf6 40. Rg6 Ne8 41. Rd2 Ng7 42. f6 Kxg6 43. fxe7 Re8 44. Bxe5 Rxe7 45. Bf4 Ne6 46. Rd6 Kf5 47. Bg3 Kg4 48. a4 Ng5 49. Rg6 Rd7 50. Bf4 Rd2+ 51. Kh1 Rd1+ 52. Kh2 Rd2+ 53. Kh1 Rd5 54. Kh2 Kh4 55. Rxg5 Rxg5 56. Bxg5+ Kxg5 57. Kxh3 Kh5 58. Kg3 Kg5 59. Kh3 Kh5 60. Kg3 Kg5 61. Kh3 1/2-1/2